000 00602nam a2200193 a 4500
001 000012199
005 20240412074230.0
008 091106s1999 dr a r 001 p spa d
040 _aDO-SdBNP
_bspa
_cBNPHU
082 _aRD861.44
_bR696re
100 1 _aRodríguez, Leonardo O.
_928826
245 1 0 _aRealidades y sueños /
_cLeonardo O. Rodríguez.
260 _a[Santo Domingo :
_bs.n.,
_c1999?].
300 _a73 p. :
_bil. ;
_c22 cm.
590 _aInventariado, 2018/BT
650 0 _aPoesía dominicana
_966
650 0 _aLiteratura dominicana.
_967
910 _aValidado. Control de calidad. MMOLINA
999 _c11864
_d11864